00488 2200193 4500001002100000005001500021008004100036020002200077035001900099041000700118082000800125090001400133100002000147245002100167260004000188300002800228500001100256650002700267INLIS00000000002583520241224132021241224||||||||| | ||| |||| || |  a978-602-9481-39-6 0010-1224025835 aid0 a813 a813 KAM m0 aKamiluddin Azis00aMy Lovely Beetle aJakartabPlotPoint Publishingc2013 a19x13 cm, vi, 294 hlm.; aCet. 1 0aNovel -- Kesusasteraan